Đánh bại giặc Nguyên Ký sự lịch sử
Sách được xuất bản trong cuộc khủng hoảng về biên giới Việt-Trung năm 1979
Guardado en:
| Autor principal: | |
|---|---|
| Formato: | Libro |
| Lenguaje: | Undetermined |
| Publicado: |
Hà Nội
Thanh Niên
1979
|
| Etiquetas: |
Agregar Etiqueta
Sin Etiquetas, Sea el primero en etiquetar este registro!
|
| Thư viện lưu trữ: | Trung tâm Học liệu Trường Đại học Cần Thơ |
|---|
| LEADER | 00586nam a2200181Ia 4500 | ||
|---|---|---|---|
| 001 | CTU_46136 | ||
| 008 | 210402s9999 xx 000 0 und d | ||
| 082 | |a 959.703 | ||
| 082 | |b L250 | ||
| 100 | |a Hoàng Lê | ||
| 245 | 0 | |a Đánh bại giặc Nguyên | |
| 245 | 0 | |b Ký sự lịch sử | |
| 245 | 0 | |c Hoàng Lê | |
| 260 | |a Hà Nội | ||
| 260 | |b Thanh Niên | ||
| 260 | |c 1979 | ||
| 520 | |a Sách được xuất bản trong cuộc khủng hoảng về biên giới Việt-Trung năm 1979 | ||
| 980 | |a Trung tâm Học liệu Trường Đại học Cần Thơ | ||